Die 25 besten Schauspieler des letzten Jahrhunderts - Statistiken

Allgemein
  • Dieses Quiz wurde 83 mal gespielt
  • Das Durchschnittsergebnis liegt bei 6 aus 25
Antwortstatistiken
Hint Antwort % Korrekt
18 James Dean
70%
4 Marlon Brando
55%
1 Humphrey Bogart
45%
3 James Stewart
37%
10 Charlie Chaplin
35%
2 Cary Grant
33%
13 John Wayne
30%
7 Clark Gable
27%
9 Spencer Tracy
27%
11 Gary Cooper
22%
17 Kirk Douglas
22%
12 Gregory Peck
20%
6 Henry Fonda
20%
14 Laurence Olivier
17%
21 Buster Keaton
15%
5 Fred Astaire
15%
16 Orson Welles
15%
19 Burt Lancaster
13%
23 Robert Mitchum
12%
22 Sidney Poitier
12%
8 James Cagney
10%
25 William Holden
10%
15 Gene Kelly
8%
24 Edward G. Robinson
7%
20 Marx Brothers
5%
Keine übereinstimmenden Quizze gefunden
Verteilung der Resultate
Anzahl Personen mit jedem Resultat
Perzentil nach korrekt beantworteten Fragen
Ihre Resultats-Entwicklung
Sie haben dieses Quiz noch nicht gespielt